| 000 | 01661nam a2200229Ia 4500 | ||
|---|---|---|---|
| 008 | 260220t1992||||xx |||||||||||||| ||spa|| | ||
| 040 |
_aPY-SlUNAC _bspa _erda |
||
| 041 | _aspa | ||
| 082 |
_a331.4 _bF981a |
||
| 245 | 0 | _aEl acceso de la mujer a la tierra en Nicaragua | |
| 264 |
_a[Lugar de publicación no identificado] : _bL/L, _c℗1992. |
||
| 300 | _a1 volumen | ||
| 520 | _aEl libro "El acceso de la mujer a la tierra en Nicaragua" analiza las barreras y oportunidades que enfrentan las mujeres nicaragüenses en su búsqueda por obtener derechos de propiedad sobre la tierra. A través de un enfoque multidimensional, se examinan factores económicos, sociales y culturales que influyen en la tenencia de tierras, así como las políticas gubernamentales y las iniciativas comunitarias que buscan promover la equidad de género en este ámbito. La obra destaca la importancia de la tierra como un recurso clave para el empoderamiento económico y social de las mujeres, y pone de manifiesto las desigualdades persistentes que limitan su acceso. Mediante estudios de caso y testimonios, el libro ilustra cómo las mujeres han luchado por sus derechos y han logrado avances significativos a pesar de la resistencia estructural. En última instancia, se propone la necesidad de reformas integrales para garantizar un acceso equitativo y sostenible a la tierra para todas las mujeres en el país. | ||
| 653 | _aAcceso a la tierra | ||
| 653 | _aDesarrollo rural | ||
| 653 | _aMujer | ||
| 942 |
_b2026/02/17 _cBK |
||
| 999 |
_c7060 _d7060 |
||